WWII US Airplane Names - Statistics

General Stats
  • This quiz has been taken 276 times
  • The average score is 16 of 28
Answer Stats
Manufacturer Designation Name % Correct
North American P-51 Mustang
96%
Boeing B-17 Flying Fortress
84%
Boeing B-29 Superfortress
80%
Vought F4U Corsair
79%
Lockheed P-38 Lightning
76%
Republic P-47 Thunderbolt
72%
Consolidated B-24 Liberator
71%
North American B-25 Mitchell
68%
Grumman F6F Hellcat
67%
Curtiss P-40 Warhawk
66%
Grumman F4F Wildcat
64%
Consolidated PBY Catalina
58%
Douglas SBD Dauntless
57%
Douglas C-47 Skytrain
54%
Bell P-63 Kingcobra
52%
Boeing P-26 Peashooter
52%
Grumman TBF Avenger
51%
Northrop P-61 Black Widow
51%
Brewster F2A Buffalo
51%
Martin B-26 Marauder
48%
Bell P-39 Airacobra
44%
Curtiss P-36 Hawk
44%
Curtiss SB2C Helldiver
39%
Douglas A-20 Havoc
33%
Douglas TBD Devastator
30%
Douglas A-26 Invader
28%
Vought OS2U Kingfisher
24%
Consolidated PB4Y-2 Privateer
14%
No matching quizzes found
Score Distribution
Percent of People with Each Score
Percentile by Number Answered
Your Score History
You have not taken this quiz